Statistics for Countries by Low Militarisation

Click here to take the quiz!

General Stats

  • This quiz has been taken 24 times
  • The average score is 9 of 27

Answer Stats

ScoreCountry% Correct
1.015Iceland
95%
1.403Denmark
59%
1.211Portugal
55%
1.336Mongolia
50%
1.236New Zealand
50%
1.476Panama
50%
1.301Ireland
45%
1.230Slovenia
45%
1.328Austria
41%
1.279Czechia
36%
1.333Japan
36%
1.319Mauritius
36%
1.271Slovakia
36%
1.368Bhutan
32%
1.466Canada
32%
1.191Hungary
32%
1.180Malaysia
27%
1.234Moldova
27%
1.454Thailand
27%
1.496Bosnia and Herzegovina
23%
1.457Indonesia
23%
1.471Latvia
18%
1.465Bangladesh
14%
1.499Guyana
14%
1.449Madagascar
14%
1.460Cuba
9%
1.406Sierra Leone
5%

Score Distribution

Percentile by Number Answered

Percent of People with Each Score

Your Score History

You have not taken this quiz